Kamu diplomasisi: (Record no. 15058)

MARC details
000 -BAŞLIK
Sabit Uzunlukta Kontrol Alanı 00814nam a22002537a 4500
999 ## - SİSTEM KONTROL NUMARALARI (KOHA)
Koha Biblionumber 15058
Koha Biblioitemnumber 15058
003 - KONTROL NUMARASI IDENTIFIER
Denetim Alanı MIRAKIL
005 - SON İŞLEM TARİHİ VE ZAMANI
Denetim Alanı 20221025143208.0
008 - SABİT-BOY VERİ ELEMANLARI - GENEL BİLGİLER
Sabit Uzunlukta Kontrol Alanı 221025b tu ||||| |||| 00| 0 tur d
020 ## - ULUSLARARASI STANDART KİTAP NUMARASI
Uluslararası Standart Kitap Numarası 9786057942012
040 ## - KATALOGLAMA KAYNAK
Orijinal Kataloglama Ajansı TR-AnCHP
Kataloglama Dili tur
Metne Dönüştürmek Ajansı TR-AnCHP
041 ## - DİL KODU
Metin / Ses Parça Veya Ayrı Başlığın Dil Kodu tur
082 ## - DEWEY ONLU SINIFLANDIRMA NUMARASI
Sınıflandırma Numarası 327.2
Ürün Numarası A92k 2018
100 ## - ANA GİRİŞ - KİŞİSEL İSİM
Kişisel Ad Aydemir, Emrah
245 ## - BAŞLIK TABLOSU
Başlık Kamu diplomasisi:
Başlığın Kalan Ülkeler- Avrupa Birliği, kurumlar-uygulamalar/
Sorumluluk Tablosu, Vb Emrah Aydemir.
246 ## - UNVAN FORM VARYING
Başlık Doğru / Kısa Başlığı Ülkeler- Avrupa Birliği, kurumlar-uygulamalar
260 ## - YAYIN, DAĞITIM, VB
Yayın, Dağıtım, Vb Yeri İstanbul:
Yayıncı, Dağıtıcı, Vs Adı Kalkedon Yayıncılık,
Yayın, Dağıtım, Vb Tarihi 2018.
300 ## - FİZİKSEL TANIM
Kapsam 313 s.:
Boyutlar 21 sm.
490 ## - SERİSİ TABLOSU
Seri Beyanı Kalkedon Yayıncılık;
Hacim / Ardışık Tanımı 360.
504 ## - KAYNAKÇA VB NOT
Kaynakça Vb Notu Kaynakça vardır.
650 ## - KONU KATMA GİRİŞ - TOPİKAL DÖNEM
Topikal Süreli Veya Coğrafi Ad Giriş Elemanı Kamu yönetimi
Genel Alt Bölümü Diplomasi
650 ## - KONU KATMA GİRİŞ - TOPİKAL DÖNEM
Topikal Süreli Veya Coğrafi Ad Giriş Elemanı Diplomasi
Coğrafi Alt Bölümü Türkiye
740 ## - KATMA GİRİŞ - KONTROLSUZ İLGİLİ / ANALİTİK BAŞLIK
Kontrol Edilmeyen / İlgili Analitik Başlıktaki Ülkeler- Avrupa Birliği, kurumlar-uygulamalar
942 ## - EKLENDİ GİRİŞ ELEMANLARI (KOHA)
Sınıflandırma Veya Raf Düzeni Kaynak Dewey Decimal Classification
Koha Öğesi Türü Books
Holdings
Kalıcı Konum Mevcut Konum Edinme Tarihi Toplam Check-Out'Lar Tam Çağrı Numarası Barkod Tarih Son Görülme İtibaren Geçerli Fiyatlar Koha Öğesi Türü
CHP Kütüphanesi CHP Kütüphanesi 10/25/2022   327.2 A92k 2018 020602 10/25/2022 10/25/2022 Books